000
00226 a2200097 4500
001
46911
100
_a
Simkins M
245
_a
the roman army from causer to trajan
260
_a
_b
Osprey publishing
_c
090
_c
29991
_d
29991
942
_a
NUST-CAE
_c
M
_c
22214
999
_c
281984
_d
281984